000 00360nam a2200145Ia 4500
008 210210b1993 xxu||||| |||| 00| 0 eng d
020 _a81 85339 95 3
082 _a891.463 KAMP
100 _aKAMAT (Narendr Kashinath).
245 _aParjatfulan.
260 _aGova.
_bRajhans Vitaran.,
_c1993
300 _a145
690 _aKonkani Fiction
906 _a050317
999 _c99067
_d99067